| 000 | 00631cam a22001935a 4500 | ||
|---|---|---|---|
| 001 | L157639 | ||
| 008 | 130213s1832 xxk f 000 0 eng d | ||
| 035 | _a(Sirsi) u157639 | ||
| 041 | 0 | _aeng | |
| 110 | 2 |
_aGreat Britain _bBoard of Ordnance _96107 |
|
| 245 | 0 | 0 | _aSchedule of contract for carpenter's work, for the service of the Honourable Board of Ordnance at in the Dover district |
| 260 |
_aLondon _bHMSO _c1832 |
||
| 300 |
_a1 v. _c34 cm. |
||
| 520 | _aStandard form of contract. | ||
| 583 |
_aCondition reviewed _c20120620 _lcondition level 3 |
||
| 651 | 4 |
_aGreat Britain _y1707- |
|
| 690 |
_aContracts _96232 |
||
| 942 | _n0 | ||
| 999 |
_c114886 _d114886 |
||